| 000 | 00931cas a22002891 4500 | ||
|---|---|---|---|
| 001 | 11150115 | ||
| 005 | 20180220033157.0 | ||
| 008 | 750827u1935uuuuenkuu f0 a1eng | ||
| 010 | _a 56056393 | ||
| 035 | _a(OCoLC)ocm01575545 | ||
| 040 |
_aDLC _beng _cGUA _dDLC _dOCL _dNST _dDLC _dOCL _dOCLCQ _dOCLCF _dOCLCO _dOCLCA |
||
| 041 | _aeng | ||
| 042 | _apcc | ||
| 043 | _ae-uk-en | ||
| 080 | _a708.2 SEA | ||
| 082 | 0 | _a708.2 SEA | |
| 100 | _a44 | ||
| 101 | _aART | ||
| 245 | 1 | 0 | _aGuide to London museums and galleries. |
| 247 | 0 | 0 |
_aBrief guide to the national museums and galleries of London _f1st-3d ed. |
| 362 | 0 | _a[1st]- ed. | |
| 590 | _aSERBIB/SERLOC merged record | ||
| 776 | 0 | 8 |
_iOnline version: _aGreat Britain. Standing Commission on Museums and Galleries. _tGuide to London museums and galleries _w(OCoLC)742425859 |
| 906 |
_a7 _bcbc _cserials _d4 _encip _f19 _gn-oclcserc |
||
| 942 |
_2ddc _cBK |
||
| 999 |
_c42868 _d42868 |
||